Biosynthesis of rubber from B-hydroxy-B-methylglutaryl-coenzyme A in Hevea brasiliensis latex (Record no. 45667)

MARC details
000 -LEADER
fixed length control field 00357nam a2200121Ia 4500
100 ## - MAIN ENTRY--AUTHOR NAME
Personal name Hepper C M
245 #0 - TITLE STATEMENT
Title Biosynthesis of rubber from B-hydroxy-B-methylglutaryl-coenzyme A in Hevea brasiliensis latex
260 ## - PUBLICATION, DISTRIBUTION, ETC. (IMPRINT)
Name of publisher Biochemical Journal
Year of publication 1969
300 ## - PHYSICAL DESCRIPTION
Number of Pages 379-386
700 ## - ADDED ENTRY--PERSONAL NAME
Personal name Audley B G
942 ## - ADDED ENTRY ELEMENTS (KOHA)
Koha item type Reprints
Holdings
Withdrawn status Lost status Damaged status Not for loan Home library Current library Date acquired Serial Enumeration / chronology Accession Number Koha item type
      Reprints RRII Library RRII Library 22/12/2021 Volume 114, Issue P0840 Reprints